000 00742nam a2200265 i 4500
005 20260322212051.0
008 data
010 _a 76058416
020 _a0525229558 :
_c{dollar}6.95
020 _a9780525229551 :
_c{dollar}6.95
040 _aDLC
_cDLC
_dCtY
050 0 _aRC644
_b.L42
099 _aLEEL
100 1 _aLee, Laurel.
245 1 0 _aWalking through the fire :
_ba hospital journal /
_cLaurel Lee.
250 _a1st ed.
260 0 _aNew York :
_bE. P. Dutton,
_cc1977.
300 _a113 p. :
_bill. ;
_c22 cm.
500 _a"A Henry Robbins book."
590 _a"A Henry Robbins book."
600 1 0 _aLee, Laurel.
650 0 _aHodgkin's disease
_vBiography.
650 0 _aPregnancy
_xComplications
_vBiography.
001 data
999 _c1203
_d1203